K problému starostlivosti o lesy postihnuté kalamitami 1.

Bibliographic Details
Main Author: Koreň, Milan, 1944- (Author)
Format: Article
Language:Slovak
PhysicalDescription:Fotogr., tab.
ISSN:1335-6828
Subjects:

MARC

LEADER 00000nab a2200000 a 4500
001 vtls000846330
003 SK-MaSNL
005 20260303163851.0
008 180207c2003 xo 0 slo
015 |a SNBRB2003/09-25489 
035 |a CLN000197985 
040 |a SNKBUCL  |b slo  |c SNKBUCL  |e AACR2 
041 0 |a slo 
044 |a xo  |c SK 
080 |a 630*41(437.6):502.4  |2 UDC-MRF-SK2 
080 |a 502.5(437.6):630*41  |2 UDC-MRF-SK2 
100 1 |a Koreň, Milan,  |d 1944-  |4 aut  |9 194185 
245 1 0 |a K problému starostlivosti o lesy postihnuté kalamitami  |n 1.  |c Milan Koreň 
300 |b Fotogr., tab. 
650 0 7 |a lesné kalamity  |2 snkbucl  |9 29329 
650 0 7 |a lesy  |x ochrana  |2 snkbucl  |9 852128 
651 7 |a Tatranský národný park (Slovensko)  |2 snkbucl  |9 106968 
655 7 |a články z novín a časopisov  |2 snkbucl  |9 267496 
773 0 |x 1335-6828  |t Tatry  |g Roč. 42, č. 5 (2003), s. 8-9 
850 |a Slovenská národná knižnica v Martine 
852 |a SNK  |b KIS3GCP 
958 |a RBX 
999 |c 2061839  |d 2063769